Multimédia Současnost budoucnosti

Na minha lista:
Detalhes bibliográficos
Autor principal: Sokolowski, Peter
Outros Autores: Šedivá, Zuzana
Formato: Livro
Idioma:tcheco
Publicado em: Praha Grada 1994
Edição:1. vyd.
Assuntos:
Tags: Adicionar Tag
Sem tags, seja o primeiro a adicionar uma tag!

MARC

LEADER 00000nam a2200000 4500
001 c005686
005 20221205140832.0
020 |a 80-7169-081-3 
041 0 |a cze 
044 |a CZ 
245 1 0 |a Multimédia  |b Současnost budoucnosti  |c Peter Sokolowski, Zuzana Šedivá 
250 |a 1. vyd. 
264 1 |a Praha  |b Grada  |c 1994 
300 |a 204 s. 
610 2 0 |a prostriedky reklamné 
610 2 0 |a prostriedky audiovizuálne 
610 2 0 |a služby informačné 
610 2 0 |a systémy informačné účelové 
610 2 0 |a systémy interaktívne 
610 2 0 |a hardvér 
610 2 0 |a softvér 
100 1 |a Sokolowski, Peter 
700 1 |a Šedivá, Zuzana